<?xml version="1.0" encoding="UTF-8"?>
<record
    xmlns:xsi="http://www.w3.org/2001/XMLSchema-instance"
    xsi:schemaLocation="http://www.loc.gov/MARC21/slim http://www.loc.gov/standards/marcxml/schema/MARC21slim.xsd"
    xmlns="http://www.loc.gov/MARC21/slim">

  <leader>00617nam a22001577a 4500</leader>
  <controlfield tag="005">20250516100625.0</controlfield>
  <controlfield tag="008">250516b        |||||||| |||| 00| 0 eng d</controlfield>
  <datafield tag="020" ind1=" " ind2=" ">
    <subfield code="a">978978996</subfield>
  </datafield>
  <datafield tag="100" ind1=" " ind2=" ">
    <subfield code="a">Dachollom C. Datiri</subfield>
    <subfield code="d">2020 Dachollom c. Datiri</subfield>
  </datafield>
  <datafield tag="245" ind1=" " ind2=" ">
    <subfield code="a">Finance in the Pauline Churches:</subfield>
    <subfield code="b"> A Social-Exegetical Study of the Funding of Paul's Mission and the Financial Administration of His Congregations/</subfield>
    <subfield code="c">Datiri, Dachollom C.</subfield>
  </datafield>
  <datafield tag="250" ind1=" " ind2=" ">
    <subfield code="a">1st edition</subfield>
    <subfield code="b">lynx communiation ltd</subfield>
  </datafield>
  <datafield tag="260" ind1=" " ind2=" ">
    <subfield code="a">UK,</subfield>
    <subfield code="b">BARAKA PRESS AND PUBLISHERS LTD</subfield>
    <subfield code="c">2020</subfield>
  </datafield>
  <datafield tag="300" ind1=" " ind2=" ">
    <subfield code="b">xxviii, 323p.;</subfield>
    <subfield code="c">21cm</subfield>
  </datafield>
  <datafield tag="500" ind1=" " ind2=" ">
    <subfield code="3">book</subfield>
    <subfield code="a">welcome to kku libary</subfield>
  </datafield>
  <datafield tag="942" ind1=" " ind2=" ">
    <subfield code="2">ddc</subfield>
  </datafield>
  <datafield tag="999" ind1=" " ind2=" ">
    <subfield code="c">82</subfield>
    <subfield code="d">82</subfield>
  </datafield>
</record>
